| 000 | 01321nam0a2200337 4500 | ||
|---|---|---|---|
| 001 | RU\NLR\bibl\508717 | ||
| 005 | 20250609142042.0 | ||
| 010 |
_a5-8459-0534-6 _95000 |
||
| 021 |
_aRU _b2004-10759 _9555 |
||
| 035 | _a(NLR Aleph) 000501240 | ||
| 090 |
_a1174970 _c1174970 |
||
| 100 | _a20040407d2004 |||y0rusy50 ca | ||
| 101 | 0 | _arus | |
| 102 |
_aRU _aUA |
||
| 105 | _aa ||||||||| | ||
| 200 | 1 |
_aMicrosoft Excel 2002 _e[Руководство] _fЕ.А. Курбатова |
|
| 210 |
_aМ. _aСПб. _cВильямс _aКиев _cДиалектика _d2004 |
||
| 215 |
_a272 с. _cил. _d24 |
||
| 225 | 1 | _aСамоучитель | |
| 320 | _aПредм. указ.: с. 268-272 | ||
| 606 | 0 |
_aMICROSOFT EXCEL 2002, электронные таблицы _jРуководства, пособия и т.п. _92242236 _3RU\NLR\auth\661345408 |
|
| 606 | 0 |
_aMICROSOFT EXCEL 2002, электронные таблицы _jУчебные издания для самообразования _92242236 _3RU\NLR\auth\661345408 |
|
| 686 | _aЗ973.233-018.2я78-1 | ||
| 700 | 1 |
_aКурбатова _bЕ. А. _gЕкатерина Анатольевна _4070 |
|
| 801 | 0 |
_aRU _bNLR _c20040407 _gPSBO |
|
| 801 | 1 |
_aRU _bNLR _c20040407 |
|
| 830 | _aАвт. по кн. | ||
| 942 | _cBOOK | ||
| 980 | _aNB | ||